000 00481cam a22001577a 4500
008 180718b2010 xxu||||| |||| 00| 0 eng d
020 _a8131603733
082 _aBA27x54 C393t
245 _aTribal economy at crossroads
_cedited by S. N. Chaudhary
260 _aJaipur
_bRawat
_c2010
300 _a322p.
650 _aIndia --Economic policy --1991-
650 _aTribes --India --Social conditions
650 _aTribes --India --Economic conditions
700 _aChaudhary, S. N.
999 _c442009
_d442009